| 000 | 00344nam a2200133Ia 4500 | ||
|---|---|---|---|
| 008 | 240624s9999 xx 000 0 und d | ||
| 041 | _aeng | ||
| 082 | _a306.4 ROS | ||
| 100 | _aROSE FRANK | ||
| 245 | _aART OF IMMERSION HOW THE DIGITAL GENERAT | ||
| 260 |
_c2011 _aNew York _bW W Norton & Company |
||
| 300 | _a354 p.; 23 cm. | ||
| 365 |
_c _b38 |
||
| 999 |
_c31040 _d31040 |
||